| 000 | 00550 a2200133 4500 | ||
|---|---|---|---|
| 020 | _a0792311256 (alk. paper) | ||
| 082 | _a620.11892 OCH | ||
| 100 | _aOchoa, O. O. | ||
| 245 |
_aFinite element analysis of composite laminates [vol-7] / _cby O.O. Ochoa and J.N. Reddy. |
||
| 260 |
_aDordrecht ; _aBoston : _bKluwer Academic Publishers, _c1992. |
||
| 300 |
_axi, 206 p. : _bill. ; _c25 cm. |
||
| 650 |
_aComposite materials _xMechanical properties _xMathematical models. |
||
| 650 | _aFinite element method. | ||
| 650 |
_aLaminated materials _xMechanical properties _xMathematical models. |
||
| 999 |
_c830 _d830 |
||